000 00776cab a2200241 4500
001 WB2908-43
008 090401t1993 xxu||||| |||| 00| 0 eng d
035 _a(Sirsi) u59290
041 _aeng
245 _aDebenham Thorpe trims staff
260 _c1993
350 _a0
490 _aEstates Gazette
_v(9307) 20 February 1993, 26(1)
520 _a22 redundancies from Debenham Tewson & Chinnocks and Bernard Thorpe were announced prior to the merger of the two firms now known as DTZ Debenham Thorpe.
650 _aBERNARD THORPE
650 _aDEBENHAM TEWSON & CHINNOCKS
650 _aDTZ DEBENHAM THORPE
650 _aMERGERS
650 _aREDUNDANCIES
690 _aMANAGEMENT-BUSINESS MANAGEMENT-PROFESSIONAL PRACTICE
942 _n0
948 _c04/03/1997
999 _c36367
_d36367